| 000 | 00938nas a2200313 4500 | ||
|---|---|---|---|
| 001 | BR2012009279 | ||
| 003 | BR-BrBNA | ||
| 005 | 20231205121635.0 | ||
| 007 | ta | ||
| 008 | 230509b bl.|||p| |||| 00| 00por d | ||
| 040 |
_aBR-BrBNA _bpor _cBiblioteca Nacional de Agricultura |
||
| 041 | _a(Pt) | ||
| 072 | _aL73 | ||
| 100 | 1 | _aRomano, L. | |
| 100 | 1 | _aTesser, M.B. | |
| 100 | 1 | _aSampaio, L.A. | |
| 100 | 1 | _aAbreu, P.C. | |
| 245 | 1 | _aYersiniose em Trachinotus marginatus (pampo). Diagnóstico histopatológico e imuno-histoquímico | |
| 650 | _aPEIXE | ||
| 650 | _aPISCICULTURA | ||
| 650 | _aBACTERIA | ||
| 650 | _aDIAGNOSTICO | ||
| 650 | _aHISTOPATOLOGIA | ||
| 650 | _aHISTOQUIMICA | ||
| 650 | _aSURTO | ||
| 773 | 0 |
_tArquivo Brasileiro de Medicina Veterinária e Zootecnia (Brazil) _xISSN 0102-0935 _g(Aug 2012), v. 64(4) p. 909-915 _wBR2012009279 |
|
| 909 |
_a202311 _bLúcia _c55 _dLúcia Elande |
||
| 942 |
_2AGRIS _n0 _cANA |
||
| 999 |
_c224509 _d224509 |
||